000 00382nam a2200157 i 4500
001 bg
100 1 _aMAZAŃSKI, Marian
245 0 _aMaszyny rolnicze /
_cMarian Mazański, Zdzisław Wójcicki.
250 _aWyd.4.
260 _aWarszawa,
_c1972.
700 1 _aWÓJCICKI, Zdzisław
040 _cBPK
041 _apol
942 _cKS
008 s pl f |000 0 pol
999 _c7467
_d7467
856 _uhttp://koha.tu.koszalin.pl/cgi-bin/koha/opac-detail.pl?biblionumber=7467
_yKatalog online BPK